Quadern de viatge a la província de Barcelona : to BCN : 10 propostes úniques, 1000 experiències inoblidables to BCN :
Descripción Física:
27 p. : fot. col. ; 24 cm
MARC
| LEADER | 00000nam a2200000Ia 4500 | ||
|---|---|---|---|
| 001 | 23457 | ||
| 008 | 160829s2012 xx 000 0 cat d | ||
| 080 | |a FU-61-39 | ||
| 245 | |a Quadern de viatge a la província de Barcelona : |b to BCN : |b 10 propostes úniques, 1000 experiències inoblidables | ||
| 260 | |a Barcelona : |b Diputació de Barcelona, |c 2012 | ||
| 300 | |a 27 p. : |b fot. col. ; |c 24 cm | ||
| 500 | |a A la portada: Barcelona és molt més | ||
| 590 | |a A la coberta: BCN+. | ||
| 590 | |a S'ha utilitzat el fons de l'Arxiu General de la Diputació de Barcelona. | ||
| 590 | |a Hi ha un exemplar en castellà amb R. 23458 | ||
| 650 | 0 | |a Turisme |z Barcelona (Catalunya) |9 48868 | |
| 651 | 0 | |a Barcelona (Catalunya) |x Descripcions i viatges |9 55446 | |
| 710 | 1 | |a Barcelona (Catalunya : Província). |b Diputació |9 52408 | |
| 710 | 2 | |a Barcelona és Molt Més |9 51323 |e marca turística | |
| 901 | |a Arxiu | ||
| 942 | |n 1 |2 udc | ||
| 952 | |0 0 |1 0 |4 0 |6 FU6139 |7 1 |9 54918 |a Arxiu |b Arxiu |d 2012-07-05 |l 0 |o FU-61-39 |p 23457 |r 2016-12-01 00:00:00 |w 2016-12-01 |y ARXIU | ||
| 999 | |c 58788 |d 58788 | ||